000 00675nam a2200289Ia 4500
005 20260324132354.0
008 008 260324s9999 xx 000 0 eng d
020 _a9781315198477
037 _aEBOOK
040 _aCRL
040 _beng
040 _cCRL
041 _2eng
041 _aeng
084 _qCRL
100 _aGeorgina Morley
_91189035
245 0 _aJohn Macquarrie’s Natural Theology
245 4 _bThe Grace of Being
260 _bTaylor and Francis
260 _c2004
365 _a
365 _b205
856 _uhttp://www.taylorfrancis.com/books/9781315198477
942 _cEBOOK
999 _c1787092
_d1787092